[Event "37. Copenhagen Open (Politiken Cup)"]
[Site "Elsinore"]
[Date "2015.08.01"]
[Round "9"]
[White "Larsen, Arne Walther"]
[Black "Kistrup, Nicolai"]
[Result "0-1"]
[WhiteElo "1824"]
[BlackElo "1986"]
[PlyCount "102"]
[EventDate "2015.07.25"]
[EventType "swiss"]
[EventRounds "10"]
[EventCountry "DEN"]
[Source "ChessBase"]
[SourceDate "2015.09.14"]

1. Nf3 Nf6 2. g3 g6 3. Bg2 Bg7 4. O-O O-O 5. d3 d6 6. c4 e5 7. Nc3 Nfd7 8. e4
Nc6 9. Rb1 h6 10. b4 Kh7 11. Nd5 Ne7 12. b5 Nxd5 13. cxd5 f5 14. Be3 f4 15.
gxf4 exf4 16. Bd4 Ne5 17. Bxe5 dxe5 18. Kh1 Bg4 19. Rc1 Qd7 20. a4 g5 21. Qc2
Rac8 22. Rg1 Qf7 23. Ne1 Kh8 24. f3 Bd7 25. Qe2 Qh5 26. Bf1 Bf6 27. d4 Rg8 28.
dxe5 Bxe5 29. Rg4 Bxg4 30. fxg4 Qf7 31. Nf3 Qf6 32. Qf2 Ra8 33. Bd3 Rgc8 34.
Kg2 Kg8 35. h4 Kf7 36. Bc4 Kg7 37. Bd3 Rg8 38. h5 Rgc8 39. Rc4 Qd6 40. Nxe5
Qxe5 41. Qd4 Qxd4 42. Rxd4 Kf6 43. Rc4 Ke5 44. Kf3 a6 45. Rc2 Kd4 46. Be2 axb5
47. Bxb5 Ke5 48. Bd7 Rd8 49. Bb5 Kd6 50. Rc4 Rdc8 51. Rc2 c6 0-1

[Event "37. Copenhagen Open (Politiken Cup)"]
[Site "Elsinore"]
[Date "2015.08.01"]
[Round "9"]
[White "Haagen Larsen, Hans"]
[Black "Madison, Sigurd"]
[Result "0-1"]
[WhiteElo "1714"]
[BlackElo "1853"]
[PlyCount "76"]
[EventDate "2015.07.25"]
[EventType "swiss"]
[EventRounds "10"]
[EventCountry "DEN"]
[Source "ChessBase"]
[SourceDate "2015.09.14"]

1. d4 d5 2. Bf4 e6 3. Nf3 Nf6 4. e3 Be7 5. h3 c6 6. Be2 Nbd7 7. c3 Nf8 8. Nbd2
Ng6 9. Bh2 O-O 10. Qc2 a5 11. a4 b6 12. e4 Bb7 13. e5 Nd7 14. h4 h6 15. h5 Nh4
16. O-O-O c5 17. Nb3 Bc6 18. Bb5 Bxb5 19. axb5 a4 20. Nxh4 axb3 21. Qxb3 Bxh4
22. g3 Be7 23. Kd2 Ra5 24. Ke3 c4 25. Qc2 Rxb5 26. g4 f6 27. f4 fxe5 28. fxe5
Bg5+ 29. Ke2 Bh4 30. Rhf1 Bg5 31. Bg3 Qe7 32. Rb1 Rb3 33. Ra1 b5 34. Ra7 Rxf1
35. Kxf1 Qf8+ 36. Kg2 Nb6 37. Qg6 Rxb2+ 38. Kh3 Qf1# 0-1

[Event "37. Copenhagen Open (Politiken Cup)"]
[Site "Elsinore"]
[Date "2015.08.01"]
[Round "9"]
[White "Larsen, Ole Bogh"]
[Black "Jensen, Tobias Ilsoe"]
[Result "1/2-1/2"]
[WhiteElo "2203"]
[BlackElo "2014"]
[PlyCount "32"]
[EventDate "2015.07.25"]
[EventType "swiss"]
[EventRounds "10"]
[EventCountry "DEN"]
[Source "ChessBase"]
[SourceDate "2015.09.14"]

1. d4 Nf6 2. c4 e6 3. Nf3 Bb4+ 4. Nbd2 d5 5. e3 O-O 6. a3 Be7 7. Bd3 b6 8. Qc2
Nbd7 9. O-O Bb7 10. b4 c5 11. bxc5 bxc5 12. Rb1 Qc7 13. cxd5 exd5 14. dxc5 Nxc5
15. Bb2 Rac8 16. Rfc1 Nfe4 1/2-1/2

[Event "37. Copenhagen Open (Politiken Cup)"]
[Site "Elsinore"]
[Date "2015.08.01"]
[Round "9"]
[White "Larsen, Preben R"]
[Black "Bjerre, Tavs"]
[Result "0-1"]
[WhiteElo "1808"]
[BlackElo "2059"]
[PlyCount "90"]
[EventDate "2015.07.25"]
[EventType "swiss"]
[EventRounds "10"]
[EventCountry "DEN"]
[Source "ChessBase"]
[SourceDate "2015.09.14"]

1. c4 b6 2. Nc3 e6 3. Nf3 Bb7 4. d4 f5 5. Bg5 Nf6 6. a3 Be7 7. e3 O-O 8. Be2 d6
9. O-O Nbd7 10. Nd2 Ne4 11. Bxe7 Qxe7 12. f3 Nxc3 13. bxc3 Qg5 14. Kf2 Qh4+ 15.
Kg1 Qh6 16. f4 g5 17. Bf3 Bxf3 18. Qxf3 Nf6 19. Qg3 g4 20. Rab1 Qg6 21. Rb2 h5
22. h4 Kh7 23. Rd1 Rg8 24. Rf1 Qe8 25. Re1 Qc6 26. Rb4 a5 27. Rb5 d5 28. a4 Rg7
29. c5 bxc5 30. dxc5 Rgg8 31. Reb1 Ne4 32. Nxe4 dxe4 33. Rd1 Rgd8 34. Qe1 Rd3
35. Rxd3 exd3 36. Qd2 Qe4 37. Kh2 Kh6 38. c6 Qc4 39. Kg1 Rd8 40. Kh2 Qxa4 41.
c4 Qxc4 42. Qxa5 d2 43. Qxc7 g3+ 44. Kh3 d1=Q 45. Kxg3 Rg8+ 0-1

[Event "37. Copenhagen Open (Politiken Cup)"]
[Site "Elsinore"]
[Date "2015.08.01"]
[Round "9"]
[White "Larsen, Ulrik"]
[Black "Hartung Nielsen, Jens"]
[Result "0-1"]
[WhiteElo "2005"]
[BlackElo "2212"]
[PlyCount "26"]
[EventDate "2015.07.25"]
[EventType "swiss"]
[EventRounds "10"]
[EventCountry "DEN"]
[Source "ChessBase"]
[SourceDate "2015.09.14"]

1. e4 c5 2. Nc3 g6 3. g3 Bg7 4. Bg2 Nc6 5. d3 e6 6. f4 Nge7 7. Nf3 d5 8. f5
exf5 9. exd5 Nxd5 10. Bg5 Nxc3 11. bxc3 Qa5 12. O-O O-O 13. d4 Qxc3 0-1

[Event "37. Copenhagen Open (Politiken Cup)"]
[Site "Elsinore"]
[Date "2015.08.01"]
[Round "9"]
[White "Lauritsen, Martin Lee"]
[Black "Greeuw, Sietske"]
[Result "1/2-1/2"]
[WhiteElo "2102"]
[BlackElo "1989"]
[PlyCount "39"]
[EventDate "2015.07.25"]
[EventType "swiss"]
[EventRounds "10"]
[EventCountry "DEN"]
[Source "ChessBase"]
[SourceDate "2015.09.14"]

1. e4 c5 2. Nf3 Nc6 3. Bb5 Nd4 4. Nxd4 cxd4 5. O-O e6 6. d3 Ne7 7. Nd2 a6 8.
Ba4 b5 9. Bb3 Bb7 10. a4 Nc6 11. f4 Be7 12. Qg4 O-O 13. Rf3 Na5 14. Rg3 g6 15.
Qh5 Nxb3 16. Nxb3 f5 17. Nxd4 Bh4 18. Rxg6+ hxg6 19. Qxg6+ Kh8 20. Qh6+ 1/2-1/2

[Event "37. Copenhagen Open (Politiken Cup)"]
[Site "Elsinore"]
[Date "2015.08.01"]
[Round "9"]
[White "Lien, Kjell Hakon"]
[Black "Buchal, Stephan"]
[Result "0-1"]
[WhiteElo "2133"]
[BlackElo "2267"]
[PlyCount "42"]
[EventDate "2015.07.25"]
[EventType "swiss"]
[EventRounds "10"]
[EventCountry "DEN"]
[Source "ChessBase"]
[SourceDate "2015.09.14"]

1. e4 g6 2. d4 Bg7 3. Nc3 d6 4. Be3 a6 5. h4 Nf6 6. f3 b5 7. Qd2 h5 8. Nh3 Bxh3
9. Rxh3 Nbd7 10. a4 c6 11. Bd3 O-O 12. Ne2 e5 13. c3 d5 14. Bg5 Qc7 15. exd5
Nxd5 16. g4 exd4 17. gxh5 dxc3 18. bxc3 Rae8 19. Kf1 Ne5 20. hxg6 Qd7 21. Kg2
Nxd3 0-1

[Event "37. Copenhagen Open (Politiken Cup)"]
[Site "Elsinore"]
[Date "2015.08.01"]
[Round "9"]
[White "Loveid, Erik"]
[Black "Nielsen, Leo"]
[Result "1-0"]
[WhiteElo "1559"]
[BlackElo "1775"]
[PlyCount "73"]
[EventDate "2015.07.25"]
[EventType "swiss"]
[EventRounds "10"]
[EventCountry "DEN"]
[Source "ChessBase"]
[SourceDate "2015.09.14"]

1. d4 e5 2. dxe5 f6 3. exf6 Nxf6 4. Nf3 Bc5 5. e3 d5 6. c4 c6 7. Nc3 O-O 8.
cxd5 cxd5 9. Be2 Bg4 10. Nd4 Bxd4 11. Qxd4 Nc6 12. Qd1 Bxe2 13. Nxe2 Qd6 14.
O-O Ne5 15. Ng3 Rad8 16. b3 Nfg4 17. f4 Qh6 18. h3 Nxe3 19. Bxe3 Nc6 20. Bd2
Qh4 21. Qg4 Qf6 22. Rad1 Rd6 23. Nh5 Qd4+ 24. Kh1 Rg6 25. Qf3 Qc5 26. Qc3 Qb5
27. f5 Rxg2 28. Kxg2 Qe2+ 29. Kh1 Qxh5 30. Qf3 Qf7 31. Bc3 Rd8 32. Bxg7 d4 33.
Bxd4 Rxd4 34. Rxd4 Nxd4 35. Qg4+ Qg7 36. Rg1 Nxf5 37. Qxf5 1-0

[Event "37. Copenhagen Open (Politiken Cup)"]
[Site "Elsinore"]
[Date "2015.08.01"]
[Round "9"]
[White "Lund, Gunnar"]
[Black "Simensen, Vegard"]
[Result "1/2-1/2"]
[WhiteElo "1765"]
[BlackElo "1859"]
[PlyCount "82"]
[EventDate "2015.07.25"]
[EventType "swiss"]
[EventRounds "10"]
[EventCountry "DEN"]
[Source "ChessBase"]
[SourceDate "2015.09.14"]

1. e4 c5 2. Nc3 a6 3. f4 b5 4. Nf3 Bb7 5. d3 e6 6. Be3 d5 7. exd5 exd5 8. d4 c4
9. g3 Nf6 10. Bg2 Bd6 11. O-O O-O 12. Ne5 b4 13. Ne2 Nc6 14. c3 a5 15. Nxc6
Bxc6 16. f5 Re8 17. Bf4 Ng4 18. Qd2 Bxf4 19. Nxf4 bxc3 20. bxc3 Qd6 21. Rae1
Nf6 22. Bf3 h6 23. Nh5 Nh7 24. Rxe8+ Rxe8 25. f6 g5 26. Bg4 Bd7 27. Bxd7 Qxd7
28. Ng7 Re4 29. Nf5 h5 30. h4 Qe6 31. hxg5 Re2 32. Qf4 Nf8 33. Qh4 Qe4 34. Ne7+
Kh8 35. Qxh5+ Nh7 36. Qf3 Qxf3 37. Rxf3 Nxg5 38. Rf5 Nh7 39. g4 Nxf6 40. Rxf6
Rxe7 41. Kf2 Ra7 1/2-1/2

[Event "37. Copenhagen Open (Politiken Cup)"]
[Site "Elsinore"]
[Date "2015.08.01"]
[Round "9"]
[White "Maagaard, David Bille"]
[Black "Fjallheim, Elmar Reinert"]
[Result "1-0"]
[WhiteElo "1859"]
[BlackElo "1601"]
[PlyCount "93"]
[EventDate "2015.07.25"]
[EventType "swiss"]
[EventRounds "10"]
[EventCountry "DEN"]
[Source "ChessBase"]
[SourceDate "2015.09.14"]

1. d4 e6 2. c4 Bb4+ 3. Nc3 c5 4. a3 Bxc3+ 5. bxc3 Ne7 6. Nf3 O-O 7. g3 b6 8.
Bg2 Bb7 9. O-O d6 10. Rb1 Qc7 11. Qd3 Nd7 12. Rd1 Rad8 13. Ng5 Ng6 14. Bxb7
Qxb7 15. Ne4 Qc7 16. h4 d5 17. cxd5 exd5 18. Ng5 c4 19. Qf5 Nf6 20. e4 Ne7 21.
Qf3 dxe4 22. Nxe4 Nxe4 23. Qxe4 Rfe8 24. Bg5 Qc8 25. Bxe7 Rd7 26. Rb5 Rdxe7 27.
Re5 Rxe5 28. dxe5 h6 29. Rd4 b5 30. Qd5 a6 31. a4 Qb8 32. f4 Re6 33. axb5 Qxb5
34. Qxb5 axb5 35. Rd8+ Kh7 36. Rb8 Ra6 37. f5 h5 38. Rxb5 Ra3 39. e6 fxe6 40.
fxe6 Ra7 41. Rxh5+ Kg6 42. Re5 Kf6 43. e7 Rxe7 44. Rxe7 Kxe7 45. Kf2 Ke6 46.
Ke3 Ke5 47. g4 1-0

[Event "37. Copenhagen Open (Politiken Cup)"]
[Site "Elsinore"]
[Date "2015.08.01"]
[Round "9"]
[White "Maesschalck, Vincent"]
[Black "Smeby, Ole"]
[Result "0-1"]
[WhiteElo "1784"]
[BlackElo "1895"]
[PlyCount "124"]
[EventDate "2015.07.25"]
[EventType "swiss"]
[EventRounds "10"]
[EventCountry "DEN"]
[Source "ChessBase"]
[SourceDate "2015.09.14"]

1. e4 d5 2. exd5 Qxd5 3. Nc3 Qa5 4. d4 c6 5. Nf3 Bg4 6. Be2 Nf6 7. Ne5 Bxe2 8.
Qxe2 Nbd7 9. Nc4 Qc7 10. g3 Nd5 11. Nxd5 cxd5 12. Ne3 Nf6 13. Bd2 e6 14. Rc1
Be7 15. O-O O-O 16. Ng4 Nxg4 17. Qxg4 Bf6 18. c3 Qa5 19. a3 Rfc8 20. h4 Qb5 21.
Rc2 Qd3 22. Rfc1 Rc6 23. Be3 Rac8 24. Qe2 Qxe2 25. Rxe2 a5 26. f4 b5 27. Rec2
b4 28. axb4 axb4 29. Kg2 Rc4 30. Kf3 b3 31. Rd2 Ra4 32. Ke2 h5 33. Kd3 Kh7 34.
Rdd1 Kg6 35. Ke2 Kf5 36. Kf3 Ra2 37. Rb1 Be7 38. Rdc1 Rc4 39. Rd1 Rca4 40. Rd2
Ra1 41. Rdd1 Rxb1 42. Rxb1 Ra2 43. Bf2 f6 44. Be3 Bd8 45. Bd2 Bc7 46. Be3 Bd6
47. Bf2 e5 48. fxe5 fxe5 49. dxe5 Bxe5 50. Be3 Ke6 51. Bc5 Kd7 52. g4 hxg4+ 53.
Kxg4 Ra4+ 54. Kh5 Bf6 55. Rh1 Re4 56. Rh2 Ke6 57. Kg6 Be5 58. Rf2 Rxh4 59. Rf8
Rg4+ 60. Kh5 Rg2 61. Re8+ Kf5 62. Rf8+ Bf6 0-1

[Event "37. Copenhagen Open (Politiken Cup)"]
[Site "Elsinore"]
[Date "2015.08.01"]
[Round "9"]
[White "Marin, Mihail"]
[Black "Tan, Justin2"]
[Result "1-0"]
[WhiteElo "2579"]
[BlackElo "2417"]
[PlyCount "89"]
[EventDate "2015.07.25"]
[EventType "swiss"]
[EventRounds "10"]
[EventCountry "DEN"]
[Source "ChessBase"]
[SourceDate "2015.09.14"]

1. Nf3 d5 2. g3 Bg4 3. Bg2 c6 4. c4 e6 5. O-O Nf6 6. Qb3 Qb6 7. d3 Nbd7 8. Be3
Bc5 9. Bxc5 Nxc5 10. Qa3 O-O 11. Rc1 Ncd7 12. Nbd2 a5 13. Rc2 Rfe8 14. Rac1 h6
15. h3 Bf5 16. cxd5 exd5 17. Nb3 Bg6 18. Kf1 Ne5 19. Qc5 Qd8 20. Qd4 Nxf3 21.
Bxf3 a4 22. Nd2 Bf5 23. Kg2 Nh7 24. h4 Nf8 25. b4 Ne6 26. Qb2 a3 27. Qe5 Bg6
28. Qc3 Qb6 29. Nb3 d4 30. Qd2 Nc7 31. Rc5 Nb5 32. R1c4 Rad8 33. h5 Bh7 34. Qf4
Nc3 35. Nxd4 Na4 36. Re5 Nb2 37. Rxe8+ Rxe8 38. Rc3 Qxb4 39. Rb3 Qe7 40. Nc2
Ra8 41. Nxa3 Na4 42. d4 Qd7 43. Nc4 Bc2 44. Ra3 Qe6 45. Ne3 1-0

[Event "37. Copenhagen Open (Politiken Cup)"]
[Site "Elsinore"]
[Date "2015.08.01"]
[Round "9"]
[White "Maselli, Daniel"]
[Black "Rasmussen, Morten(1956)"]
[Result "1/2-1/2"]
[WhiteElo "1717"]
[BlackElo "1879"]
[PlyCount "71"]
[EventDate "2015.07.25"]
[EventType "swiss"]
[EventRounds "10"]
[EventCountry "DEN"]
[Source "ChessBase"]
[SourceDate "2015.09.14"]

1. d4 f5 2. g3 Nf6 3. Bg2 g6 4. Nh3 Bg7 5. O-O O-O 6. c4 d6 7. d5 Na6 8. Nc3
Re8 9. Rb1 e5 10. dxe6 c6 11. Bf4 Bf8 12. Qd4 Nc5 13. Bg5 Be7 14. Rfd1 Nxe6 15.
Qd2 Nxg5 16. Nxg5 h6 17. Nh3 Kh7 18. f3 Be6 19. b3 Bf7 20. f4 Qb6+ 21. Qd4
Qxd4+ 22. Rxd4 d5 23. Kh1 dxc4 24. bxc4 Rab8 25. Na4 c5 26. Rd2 Bxc4 27. Rxb7
Rxb7 28. Bxb7 Rb8 29. Bf3 Rb1+ 30. Kg2 Rb4 31. Nc3 Kg7 32. Nf2 Be6 33. Bd5 Nxd5
34. Nxd5 Bxd5+ 35. Rxd5 Kf6 36. Rd2 1/2-1/2

[Event "37. Copenhagen Open (Politiken Cup)"]
[Site "Elsinore"]
[Date "2015.08.01"]
[Round "9"]
[White "Matthiesen, Martin"]
[Black "Chabanon, Jean Luc"]
[Result "1/2-1/2"]
[WhiteElo "2347"]
[BlackElo "2493"]
[PlyCount "48"]
[EventDate "2015.07.25"]
[EventType "swiss"]
[EventRounds "10"]
[EventCountry "DEN"]
[Source "ChessBase"]
[SourceDate "2015.09.14"]

1. d4 Nf6 2. c4 g6 3. Nc3 c5 4. Nf3 Bg7 5. e4 O-O 6. Be2 d6 7. O-O Nc6 8. d5
Na5 9. h3 e5 10. Nh2 a6 11. a3 Bd7 12. Be3 Qc7 13. Rc1 Rab8 14. Nb1 b5 15. cxb5
axb5 16. b4 Nb7 17. Nc3 c4 18. a4 bxa4 19. Nxa4 Bxa4 20. Qxa4 c3 21. Bd3 Rfc8
22. Rc2 Nxe4 23. Bxe4 Qc4 24. Bf3 Nc5 1/2-1/2

[Event "37. Copenhagen Open (Politiken Cup)"]
[Site "Elsinore"]
[Date "2015.08.01"]
[Round "9"]
[White "McPhillips, Joseph"]
[Black "Satre, Mathias"]
[Result "1/2-1/2"]
[WhiteElo "2191"]
[BlackElo "1753"]
[PlyCount "104"]
[EventDate "2015.07.25"]
[EventType "swiss"]
[EventRounds "10"]
[EventCountry "DEN"]
[Source "ChessBase"]
[SourceDate "2015.09.14"]

1. e4 e6 2. d4 d5 3. Nc3 Bb4 4. Bd3 dxe4 5. Bxe4 Nf6 6. Bd3 c5 7. dxc5 Bxc5 8.
Nf3 Nc6 9. O-O O-O 10. Ng5 Nb4 11. Nxh7 Nxh7 12. Bxh7+ Kxh7 13. Qh5+ Kg8 14.
Qxc5 Nxc2 15. Bg5 Qd4 16. Qxd4 Nxd4 17. Rfd1 e5 18. Be7 Re8 19. Bc5 Ne6 20. Be3
Rd8 21. Nb5 b6 22. Nd6 Ba6 23. b4 Rd7 24. Nf5 Rad8 25. Rxd7 Rxd7 26. a4 g6 27.
Nh6+ Kg7 28. Ng4 f6 29. f3 Nd4 30. b5 Nc2 31. Ra2 Nxe3 32. Nxe3 Bb7 33. a5 bxa5
34. Rxa5 Bc8 35. Nc4 Rc7 36. Nd6 Bd7 37. Ra6 f5 38. g4 Kf8 39. g5 Ke7 40. h4
Be6 41. Kf2 Rc2+ 42. Ke1 Rc1+ 43. Ke2 Rc2+ 44. Kd3 Rc7 45. f4 exf4 46. Kd4 f3
47. Ke3 Rc3+ 48. Kf2 Bd5 49. h5 Rc2+ 50. Kf1 Rc1+ 51. Kf2 Rc2+ 52. Kf1 Rc1+
1/2-1/2

[Event "37. Copenhagen Open (Politiken Cup)"]
[Site "Elsinore"]
[Date "2015.08.01"]
[Round "9"]
[White "Mehringer, Joerg"]
[Black "Kvamme, John Agnar"]
[Result "0-1"]
[WhiteElo "1991"]
[BlackElo "2158"]
[PlyCount "120"]
[EventDate "2015.07.25"]
[EventType "swiss"]
[EventRounds "10"]
[EventCountry "DEN"]
[Source "ChessBase"]
[SourceDate "2015.09.14"]

1. e4 c5 2. g3 Nc6 3. Bg2 e6 4. Ne2 Nf6 5. O-O Be7 6. c3 O-O 7. d4 d6 8. Be3
Ng4 9. Bc1 Nf6 10. h3 Bd7 11. Be3 a6 12. dxc5 dxc5 13. f4 Qc7 14. Nd2 Rad8 15.
Qe1 Bc8 16. Qf2 Rd3 17. Nc1 Rd7 18. Ncb3 b6 19. g4 Bb7 20. g5 Nh5 21. Qh4 Rd3
22. Rae1 g6 23. e5 Rfd8 24. Ne4 Ng7 25. Bf2 Nf5 26. Qg4 h5 27. gxh6 Nxh6 28.
Qe2 R3d7 29. Rd1 Nb8 30. Rd2 a5 31. Rfd1 Rxd2 32. Rxd2 Rxd2 33. Nbxd2 Nf5 34.
Nf3 Bc6 35. Nfg5 Nd7 36. Qg4 Qb7 37. h4 Qa8 38. Qe2 Kg7 39. Bh3 Qh8 40. Bxf5
gxf5 41. Nd2 Bxg5 42. fxg5 Kg6 43. Bg3 Qh5 44. Kf2 Qxe2+ 45. Kxe2 Kh5 46. Bf4
Kxh4 47. Ke3 Bd5 48. a3 Nf8 49. b4 axb4 50. axb4 cxb4 51. cxb4 Nh7 52. Nb1 Nxg5
53. Nc3 Bc6 54. Nd1 Ne4 55. Nf2 Nc3 56. Nd3 Bb5 57. Kd4 Nd5 58. Bd2 Bxd3 59.
Kxd3 Kg3 60. Be1+ Kg2 0-1

[Event "37. Copenhagen Open (Politiken Cup)"]
[Site "Elsinore"]
[Date "2015.08.01"]
[Round "9"]
[White "Moe, Mogens"]
[Black "Haldorsen, Benjamin"]
[Result "0-1"]
[WhiteElo "2070"]
[BlackElo "2302"]
[PlyCount "80"]
[EventDate "2015.07.25"]
[EventType "swiss"]
[EventRounds "10"]
[EventCountry "DEN"]
[Source "ChessBase"]
[SourceDate "2015.09.14"]

1. e4 e5 2. Nf3 Nc6 3. d4 exd4 4. Nxd4 Nf6 5. Nxc6 bxc6 6. Bd3 d5 7. Nc3 Bb4 8.
exd5 cxd5 9. O-O O-O 10. Bg5 c6 11. Qf3 Rb8 12. Bxf6 Qxf6 13. Qxf6 gxf6 14. Ne2
Bd6 15. Rab1 a5 16. f4 c5 17. b3 Be6 18. Ng3 c4 19. Be2 f5 20. Nh5 Rfc8 21.
bxc4 dxc4 22. c3 a4 23. Rfd1 Bc5+ 24. Kf1 Be7 25. Ke1 a3 26. Bf3 Kf8 27. Kd2
Bd7 28. Rxb8 Rxb8 29. Kc1 Ba4 30. Rd2 Bc5 31. Re2 Bg1 32. h3 Rd8 33. Re5 Rd3
34. Be2 Rxc3+ 35. Kd2 Rc2+ 36. Ke1 c3 37. Bb5 Bxb5 38. Rxb5 Rb2 39. Re5 Rb1+
40. Ke2 c2 0-1

[Event "37. Copenhagen Open (Politiken Cup)"]
[Site "Elsinore"]
[Date "2015.08.01"]
[Round "9"]
[White "Molin, Claus"]
[Black "Thybo, Thomas Sondergaard"]
[Result "1/2-1/2"]
[WhiteElo "1990"]
[BlackElo "1831"]
[PlyCount "98"]
[EventDate "2015.07.25"]
[EventType "swiss"]
[EventRounds "10"]
[EventCountry "DEN"]
[Source "ChessBase"]
[SourceDate "2015.09.14"]

1. Nf3 g6 2. g3 c6 3. d4 Bg7 4. Bg2 Nf6 5. c4 O-O 6. Nc3 d6 7. O-O Qc7 8. Qc2
e5 9. Rd1 a5 10. c5 dxc5 11. dxe5 Ng4 12. Na4 c4 13. Bf4 Nxe5 14. Nxe5 Bxe5 15.
Bxe5 Qxe5 16. Nb6 Ra6 17. Nxc8 Rxc8 18. Qxc4 Rb6 19. b3 Rb4 20. Qc2 Re8 21. Bf3
Qe6 22. Qd2 Na6 23. Rac1 a4 24. bxa4 Rxa4 25. Qd7 Qxd7 26. Rxd7 Rb8 27. Rc2 Kf8
28. Rb2 Nc5 29. Rdd2 Na6 30. Rb6 Rb4 31. Rb2 Rxb2 32. Rxb2 Ke7 33. h4 Kd6 34.
h5 b5 35. hxg6 hxg6 36. Rd2+ Kc7 37. Rc2 c5 38. a3 Kd6 39. Rd2+ Kc7 40. Bd5 Rd8
41. e4 Kb6 42. Rb2 f6 43. f4 Nc7 44. Bf7 Rd3 45. a4 g5 46. fxg5 Rxg3+ 47. Kf2
Rxg5 48. axb5 Re5 49. Kf3 f5 1/2-1/2

[Event "37. Copenhagen Open (Politiken Cup)"]
[Site "Elsinore"]
[Date "2015.08.01"]
[Round "9"]
[White "Morkedal, Oyvind"]
[Black "Frederiksen Kristian, Pade"]
[Result "1/2-1/2"]
[WhiteElo "1689"]
[BlackElo "1839"]
[PlyCount "105"]
[EventDate "2015.07.25"]
[EventType "swiss"]
[EventRounds "10"]
[EventCountry "DEN"]
[Source "ChessBase"]
[SourceDate "2015.09.14"]

1. d4 d5 2. c4 c6 3. Nf3 Nf6 4. Nc3 e6 5. Bg5 Nbd7 6. cxd5 cxd5 7. e3 Be7 8.
Bd3 O-O 9. O-O h6 10. Bh4 a6 11. a4 Nb8 12. Ne5 Nc6 13. Nxc6 bxc6 14. Qe2 c5
15. Bxf6 Bxf6 16. dxc5 Bxc3 17. bxc3 Qc7 18. c4 Qxc5 19. cxd5 exd5 20. a5 Re8
21. Qc2 Qd6 22. Rfb1 Rb8 23. Rxb8 Qxb8 24. Qc6 Bb7 25. Qb6 Re6 26. Qb4 Qe5 27.
Rb1 Re7 28. Qb6 Rc7 29. Bxa6 Bxa6 30. Qxa6 Qc3 31. Qa8+ Kh7 32. Qxd5 Rc5 33.
Qe4+ f5 34. Qf3 Rxa5 35. Qd1 Ra2 36. g3 Qd2 37. Qxd2 Rxd2 38. Rb7 Kg6 39. Kg2
Kf6 40. h4 Ra2 41. Rb4 h5 42. e4 fxe4 43. Rxe4 g6 44. g4 hxg4 45. Rxg4 Ra5 46.
Kg3 Ra3+ 47. f3 Ra5 48. Rb4 Kf5 49. Rf4+ Ke6 50. Kg4 Rb5 51. Re4+ Kf6 52. Rf4+
Ke6 53. Re4+ 1/2-1/2

[Event "37. Copenhagen Open (Politiken Cup)"]
[Site "Elsinore"]
[Date "2015.08.01"]
[Round "9"]
[White "Mott, Jens"]
[Black "Kristiansen, Tore"]
[Result "1/2-1/2"]
[WhiteElo "1953"]
[BlackElo "1784"]
[PlyCount "84"]
[EventDate "2015.07.25"]
[EventType "swiss"]
[EventRounds "10"]
[EventCountry "DEN"]
[Source "ChessBase"]
[SourceDate "2015.09.14"]

1. e4 c5 2. Nf3 e6 3. d4 cxd4 4. Nxd4 a6 5. Bd3 Bc5 6. Nb3 Ba7 7. Qe2 Qc7 8.
Be3 b5 9. c3 Bb7 10. N1d2 Ne7 11. Bxa7 Rxa7 12. Nd4 Nbc6 13. N2f3 e5 14. Nxc6
dxc6 15. O-O O-O 16. Qe3 Bc8 17. Nxe5 c5 18. Nf3 Re8 19. Qg5 Ng6 20. g3 Qc6 21.
Qh5 Rae7 22. Rfe1 Bb7 23. Re3 Ne5 24. Nxe5 Rxe5 25. Qe2 f5 26. f3 c4 27. Bc2
Qc5 28. Kg2 fxe4 29. Bxe4 Bxe4 30. Rxe4 Rxe4 31. fxe4 Qe5 32. Re1 Rd8 33. Qg4
Rd2+ 34. Re2 Qd6 35. Qc8+ Kf7 36. Qf5+ Kg8 37. Rf2 Rxf2+ 38. Qxf2 Qd3 39. Qd4
Qe2+ 40. Kh3 Qh5+ 41. Kg2 Qe2+ 42. Kh3 Qh5+ 1/2-1/2

[Event "37. Copenhagen Open (Politiken Cup)"]
[Site "Elsinore"]
[Date "2015.08.01"]
[Round "9"]
[White "Myhre, Mads Wollan"]
[Black "Fransson, Pia"]
[Result "1-0"]
[WhiteElo "1686"]
[BlackElo "1511"]
[PlyCount "45"]
[EventDate "2015.07.25"]
[EventType "swiss"]
[EventRounds "10"]
[EventCountry "DEN"]
[Source "ChessBase"]
[SourceDate "2015.09.14"]

1. c4 Nf6 2. g3 g6 3. Nc3 Bg7 4. Bg2 O-O 5. e3 d6 6. Nge2 Na6 7. d4 c5 8. O-O
cxd4 9. exd4 Nc7 10. a3 Rb8 11. b4 d5 12. c5 Bd7 13. Bf4 Rc8 14. Qb3 e6 15. Bd6
Re8 16. Rac1 Nb5 17. Nxb5 Bxb5 18. Rfe1 Bc4 19. Qa4 a6 20. Rxc4 dxc4 21. Bxb7
Qd7 22. Qxa6 Ne4 23. Bxe4 1-0

[Event "37. Copenhagen Open (Politiken Cup)"]
[Site "Elsinore"]
[Date "2015.08.01"]
[Round "9"]
[White "Naesborg, Jens Ole"]
[Black "Bengtsson, Tage"]
[Result "0-1"]
[WhiteElo "1900"]
[BlackElo "2076"]
[PlyCount "142"]
[EventDate "2015.07.25"]
[EventType "swiss"]
[EventRounds "10"]
[EventCountry "DEN"]
[Source "ChessBase"]
[SourceDate "2015.09.14"]

1. e4 c6 2. d4 d5 3. f3 e6 4. Bf4 Nd7 5. Bd3 Ne7 6. Nd2 Ng6 7. Bg3 c5 8. c3
cxd4 9. cxd4 Be7 10. e5 Bg5 11. Ne2 f5 12. f4 Be7 13. Nf3 Nb6 14. Rc1 Bd7 15.
Kf2 Rc8 16. b3 Bb4 17. h4 Rxc1 18. Qxc1 Qc8 19. Qb2 h5 20. a3 Be7 21. Ng5 Nf8
22. Nc3 Bxa3 23. Qa1 Be7 24. Rc1 Qb8 25. Nb5 Bxb5 26. Bxb5+ Nfd7 27. Qa4 Bxg5
28. fxg5 g6 29. Qa5 a6 30. Ba4 Kf7 31. Bxd7 Nxd7 32. Rc7 Ke8 33. Rc1 Rh7 34.
Bf4 Qd8 35. Bd2 Nb6 36. Qc5 Na8 37. Bb4 Rf7 38. Qc8 Rd7 39. Qc5 Kf7 40. Qc3 Rc7
41. Qd2 Rxc1 42. Qxc1 Qc7 43. Qd2 Qc6 44. Ba3 Qb6 45. Qc3 Nc7 46. Bc5 Qc6 47.
Qa5 Ke8 48. Qb4 Nb5 49. Bf8 Qc7 50. Qc5 Qxc5 51. Bxc5 Kd7 52. Ke3 Kc6 53. Kd3
a5 54. Bf8 b6 55. Ke3 Kd7 56. Kd3 Ke8 57. Bg7 Na7 58. Kc3 Nc6 59. Kd3 b5 60.
Kc3 a4 61. b4 Nxd4 62. Kxd4 a3 63. Kc3 d4+ 64. Kxd4 a2 65. Kc5 a1=Q 66. Kxb5
Qa7 67. Bf6 Kd7 68. Kc4 Qc7+ 69. Kb3 Kc6 70. Kc4 Kb6+ 71. Kb3 Kb5 0-1

[Event "37. Copenhagen Open (Politiken Cup)"]
[Site "Elsinore"]
[Date "2015.08.01"]
[Round "9"]
[White "Narheim, Mats"]
[Black "Videbaek, Kurt"]
[Result "0-1"]
[WhiteElo "1264"]
[BlackElo "1563"]
[PlyCount "50"]
[EventDate "2015.07.25"]
[EventType "swiss"]
[EventRounds "10"]
[EventCountry "DEN"]
[Source "ChessBase"]
[SourceDate "2015.09.14"]

1. e4 e6 2. f4 d5 3. e5 c5 4. d4 Nc6 5. Nf3 Bd7 6. c3 Be7 7. Be3 cxd4 8. Bd2
dxc3 9. Nxc3 a6 10. Be2 Nh6 11. Qc2 O-O 12. Ng5 Bxg5 13. fxg5 Nf5 14. O-O Ncd4
15. Qb1 Qb6 16. Qc1 Nxe2+ 17. Kh1 Nxc1 18. Raxc1 Rac8 19. Rf3 d4 20. Ne4 Rxc1+
21. Bxc1 Rc8 22. Bf4 Qxb2 23. Rf1 Rc2 24. g3 Rxh2+ 25. Kg1 Qg2# 0-1

[Event "37. Copenhagen Open (Politiken Cup)"]
[Site "Elsinore"]
[Date "2015.08.01"]
[Round "9"]
[White "Neu, Alexandre"]
[Black "Rasmussen, Jonas H"]
[Result "1/2-1/2"]
[WhiteElo "1741"]
[BlackElo "1852"]
[PlyCount "29"]
[EventDate "2015.07.25"]
[EventType "swiss"]
[EventRounds "10"]
[EventCountry "DEN"]
[Source "ChessBase"]
[SourceDate "2015.09.14"]

1. e4 e5 2. Nf3 Nc6 3. Bc4 Bc5 4. b4 Bxb4 5. c3 Ba5 6. d4 exd4 7. Qb3 Qe7 8.
O-O d6 9. cxd4 Nf6 10. e5 dxe5 11. dxe5 Ng4 12. Bg5 Qd7 13. Rd1 Qf5 14. Bd3 Qe6
15. Bc4 1/2-1/2